000
00323nam a2200133Ia 4500
008
240624s9999 xx 000 0 und d
041
_a
eng
082
_a
005.43 ICF
100
_a
ICFAI
245
_a
OPERATING SYSTEMS WORKBOOK
260
_c
2005
_a
Hyderabad
_b
ICFAI University
300
_a
133 : p. : cm. ; 26
365
_c
RS
999
_c
6102
_d
6102